Catalog

Record Details

Catalog Search



Introduction to Microsystem Design Cover Image E-book E-book

Introduction to Microsystem Design [electronic resource] / by Werner Karl Schomburg.

Record details

  • ISBN: 9783642194894
  • Physical Description: XXII, 321p. 225 illus. digital.
  • Publisher: Berlin, Heidelberg : Springer Berlin Heidelberg, 2011.
Subject: Engineering.
Systems engineering.
Optical materials.
Engineering.
Nanotechnology and Microengineering.
Optical and Electronic Materials.
Applied and Technical Physics.
Circuits and Systems.

Electronic resources


LDR 01279nam a22003735i 4500
0015158
003CONS
00520121026161018.0
007cr nn 008mamaa
008110530s2011 gw | s |||| 0|eng d
020 . ‡a9783642194894 ‡9978-3-642-19489-4
0247 . ‡a10.1007/978-3-642-19489-4 ‡2doi
035 . ‡a(DE-He213)978-3-642-19489-4
050 4. ‡aT174.7
072 7. ‡aTDPB ‡2bicssc
072 7. ‡aTEC027000 ‡2bisacsh
1001 . ‡aSchomburg, Werner Karl.
24510. ‡aIntroduction to Microsystem Design ‡h[electronic resource] / ‡cby Werner Karl Schomburg.
260 . ‡aBerlin, Heidelberg : ‡bSpringer Berlin Heidelberg, ‡c2011.
300 . ‡aXXII, 321p. 225 illus. ‡bdigital.
4900 . ‡aRWTHedition, ‡x1865-0899 ; ‡v1
650 0. ‡aEngineering.
650 0. ‡aSystems engineering.
650 0. ‡aOptical materials.
65014. ‡aEngineering.
65024. ‡aNanotechnology and Microengineering.
65024. ‡aOptical and Electronic Materials.
65024. ‡aApplied and Technical Physics.
65024. ‡aCircuits and Systems.
7102 . ‡aSpringerLink (Online service)
7730 . ‡tSpringer eBooks
77608. ‡iPrinted edition: ‡z9783642194887
830 0. ‡aRWTHedition, ‡x1865-0899 ; ‡v1
85640. ‡uhttp://dx.doi.org/10.1007/978-3-642-19489-4 ‡9CONS
950 . ‡aEngineering (Springer-11647)
901 . ‡a5158 ‡b ‡c5158 ‡tbiblio ‡sSystem Local

Additional Resources